| 000 | 003140000a22000970004500 | ||
|---|---|---|---|
| 100 | 1 | _aLeal, Donald R. | |
| 245 | 1 | 0 | _aHow fishing communities protect their future : Avoiding overfishing through customs and traditions |
| 300 | _aVol. 47, Num. 2 (Febrero, 1997), Páginas 74-76 | ||
| 773 | 0 | _tThe Freeman | |
| 942 | _cANA | ||
| 999 |
_c56641 _d56641 |
||